| 000 | 01612nam a2200289 a 4500 | ||
|---|---|---|---|
| 001 | |||
| 003 | OSt | ||
| 005 | 20211108124754.0 | ||
| 007 | |||
| 008 | 090130s2001 dr ac 000 0 spa d | ||
| 020 | _a9993476048 | ||
| 040 |
_aDO-SdBNP _bspa _cBPMSU |
||
| 082 | 4 |
_a324.22 _bG377e, 2001 _222 |
|
| 100 | 1 |
_aGerónimo, Joaquín _d1955- |
|
| 245 | 1 | 0 |
_aEn el nombre de Bosch / _cJoaquín Gerónimo. |
| 260 |
_aSanto Domingo : _bAlfa & Omega, _c2001 |
||
| 300 |
_a285 p. : _bil., retrs. ; _c23 cm. |
||
| 500 | _aIncluye datos biográficos del autor en la solapa de la cubierta | ||
| 505 | 0 |
_tLa percepción de Joaquín Gerónimo: en el nombre de Bosch -- _tNota del autor -- _gI. _tBajo el signo de La Habana -- _gII. _tEn el vórtice de la guerra fría -- _gIII. _tAvanzar sobre campos minados -- _gIV. _tEL camino era el socialismo -- _gV. _tEn guerra contra el populismo -- _gVI. _tVolver al escenario electoral -- _gVII. _tLa batalla decisiva -- _gVIII. De jinete a cabalgadura -- _tIX. Mirando el agua correr bajo los puentes -- _gX. _tRumbo al puerto de origen -- _tepílogo [traspaso de antorcha] -- _tApéndice: cronología personal, nacional y mundial -- _tCarta del autor al presidente de la República, doctor Leonel Fernández -- _tPremisas fundamentales -- _tHay que tener cuidado con el populismo -- _tEl PLD en busca de su destino. |
|
| 590 | _aInventariado, 2021/VM | ||
| 600 | 1 | 0 |
_a Bosch, Juan, _d1909-2001 _91 |
| 610 | 2 | _aPartido de la Liberación Dominicana | |
| 650 | 4 | _aLiderazgo político | |
| 650 | 4 |
_aRepública Dominicana _xPolítica y gobierno _ySiglo XX |
|
| 910 | _aVMateo V. | ||
| 942 |
_2ddc _cBK |
||
| 999 |
_c13854 _d13854 |
||